<The> equality of regional disparities in EU countries
Meranie regionálnej disparity. Porovnanie regionálnych rozdielov HDP na osobu v členských krajinách Európskej únie. Použitie Levenovho testu a jeho najnovších modifikácií. Metodológia, dáta, analýza dát, výsledky testovania.
Enregistré dans:
| Auteur principal: | |
|---|---|
| Autres auteurs: | |
| Format: | Chapitre de livre |
| Langue: | anglais |
| Sujets: | |
| Tags: |
Pas de tags, Soyez le premier à ajouter un tag!
|
MARC
| LEADER | 00000naa a2200000 4500 | ||
|---|---|---|---|
| 001 | 0149694 | ||
| 005 | 20240502072706.0 | ||
| 041 | 0 | |a eng | |
| 044 | |a SK | ||
| 245 | 1 | 0 | |a <The> equality of regional disparities in EU countries |c Andrea Zárembová, Mária Farkašovská |
| 520 | |a Meranie regionálnej disparity. Porovnanie regionálnych rozdielov HDP na osobu v členských krajinách Európskej únie. Použitie Levenovho testu a jeho najnovších modifikácií. Metodológia, dáta, analýza dát, výsledky testovania. | ||
| 610 | 2 | 0 | |a disparita |
| 610 | 2 | 0 | |a regióny |
| 610 | 2 | 0 | |a meranie |
| 610 | 2 | 0 | |a testy |
| 610 | 2 | 0 | |a Európska únia |
| 100 | 1 | |a Zárembová, Andrea, 1986- | |
| 700 | 1 | |a Farkašovská, Mária | |